The EU REIT and the internal market for real estate (Record no. 108226)
[ view plain ]
| 000 -LEADER | |
|---|---|
| fixed length control field | 01267cad a22002175a 4500 |
| 001 - CONTROL NUMBER | |
| control field | L143605 |
| 008 - FIXED-LENGTH DATA ELEMENTS--GENERAL INFORMATION | |
| fixed length control field | 080521s2007 xxka f 000 0 eng d |
| 035 ## - SYSTEM CONTROL NUMBER | |
| System control number | (Sirsi) u143605 |
| 041 0# - LANGUAGE CODE | |
| Language code of text/sound track or separate title | eng |
| 050 04 - LIBRARY OF CONGRESS CALL NUMBER | |
| Classification number | 332.6324 |
| 100 1# - MAIN ENTRY--PERSONAL NAME | |
| Personal name | Eichholtz, Piet M. A. |
| 245 04 - TITLE STATEMENT | |
| Title | The EU REIT and the internal market for real estate |
| Medium | [electronic resource] |
| 250 ## - EDITION STATEMENT | |
| -- | 2007 |
| 260 ## - PUBLICATION, DISTRIBUTION, ETC. | |
| Place of publication, distribution, etc. | [S.I.] |
| Name of publisher, distributor, etc. | TEGoVA |
| Date of publication, distribution, etc. | 2007 |
| 520 ## - SUMMARY, ETC. | |
| Summary, etc. | A research report for the European Landowners Organization (ELO), the European Property Federation (EPF), the Royal Institution of Chartered Surveyors (RICS), The European Group of Valuers' Associations (TEGoVA) and the Urban Land Institute Europe (ULI Europe). Asks the EC for an EU framework for real estate investment trusts (EU REIT). Argues that this would overcome obstacles to cross-border property investment and enhance market security and stability. Highlights the main drivers for an EU framework. Outlines a preferred structure for an EU REIT, without tax harmonisation. |
| 651 #4 - SUBJECT ADDED ENTRY--GEOGRAPHIC NAME | |
| Geographic name | Europe |
| 690 ## - LOCAL SUBJECT ADDED ENTRY--TOPICAL TERM (OCLC, RLIN) | |
| Topical term or geographic name as entry element | PROPERTY-PROPERTY FINANCE AND INVESTMENT-REAL ESTATE INVESTMENT TRUSTS |
| 700 1# - ADDED ENTRY--PERSONAL NAME | |
| Personal name | Kok, Nils |
| 856 40 - ELECTRONIC LOCATION AND ACCESS | |
| Uniform Resource Identifier | <a href="https://www.tegova.org/en/p4291ed80f067d/">https://www.tegova.org/en/p4291ed80f067d/</a> |
| Public note | View this report free of charge at http://www.tegova.org... |
| 942 ## - ADDED ENTRY ELEMENTS (KOHA) | |
| Suppress in OPAC | 0 |
| Withdrawn status | Lost status | Source of classification or shelving scheme | Damaged status | Not for loan | Home library | Current library | Shelving location | Date acquired | Total Checkouts | Full call number | Barcode | Date last seen | Copy number | Price effective from | Koha item type |
|---|---|---|---|---|---|---|---|---|---|---|---|---|---|---|---|
| Dewey Decimal Classification | Virtual | Virtual | Online | 21/05/2008 | ONLINE PUBLICATION | 143605-1001 | 06/08/2019 | 1 | 06/08/2019 | Book |